000 00875cam a2200265 4500
001 J2027
008 090401t1992 xxu||||| |||| 00| 0 eng d
035 _a(Sirsi) u46811
041 _aeng
050 _a692.9
090 _aJCT 1992/9A
110 _aJoint Contracts Tribunal
_93664
245 _aSub-Contract Conditions. The Sub-Contract Conditions for use with the Domestic Sub-Contract DOM/1 Articles of Agreement.
260 _aLondon
_bBEC
_c1992
300 _a53p. ; 30cm.
350 _a0
520 _aDescribed on JCT Publications List as DOM/1C. Incorporates Amendments 1-3,5-6,8-9. Amendments 4 and 7 printed separately and inserted inside back cover.
650 _aDOM/1C
650 _aDOMESTIC SUB-CONTRACTS
650 _aJCT
650 _aSUBCONTRACTS
690 _aBUILT ENVIRONMENT-BUILDING CONTRACT FORMS
942 _n0
948 _c04/03/1997
999 _c92014
_d92014